| 000 | 00915nam a2200301 a 4500 | ||
|---|---|---|---|
| 999 |
_c8948 _d8948 |
||
| 001 | 8948 | ||
| 003 | BD-JhCC | ||
| 005 | 20180305203342.0 | ||
| 008 | 850612s1982 enkaf b 001 0 eng | ||
| 020 | _a0333270207 | ||
| 020 | _a0333270215 (pbk.) | ||
| 035 | _a(BD-JhCC)8948 | ||
| 040 |
_aDLC _cDLC _dDLC _dBD-JhCC |
||
| 041 | _aeng | ||
| 050 | 0 | 0 |
_aPR471 _b.B55 1982b |
| 082 | 0 | 0 |
_a820/.9/0091 _219 _bBLA 1982 |
| 100 | 1 | _aBlamires, Harry. | |
| 245 | 1 | 0 |
_aTwentieth-century English literature / _cHarry Blamires. |
| 260 |
_a[London] : _bMacmillan Press, _c1982. |
||
| 300 |
_avii, 304 p., [16] p. of plates : _bill. ; _c23 cm. |
||
| 440 | 0 | _aMacmillan history of literature | |
| 500 | _aIncludes index. | ||
| 504 | _aBibliography: p. [275]-[278]. | ||
| 650 | 0 |
_aEnglish literature _y20th century _xHistory and criticism. |
|
| 740 | 0 | _a20th century English literature. | |
| 942 |
_2ddc _cBK |
||